[Event "Tres Cantos op 10th"]
[Site "Tres Cantos"]
[Date "2018.06.28"]
[Round "8.11"]
[White "Lopez de Turiso, Jose Angel"]
[Black "Pajuelo Morales, Francisco Javier"]
[Result "1-0"]
[WhiteElo "2033"]
[BlackElo "1909"]
[PlyCount "87"]
[EventDate "2018.06.21"]
[EventType "swiss"]
[EventRounds "9"]
[EventCountry "ESP"]
[SourceTitle "EXT 2024"]
[Source "ChessBase"]
[SourceDate "2023.10.10"]
[SourceVersion "1"]
[SourceVersionDate "2023.10.10"]
[SourceQuality "1"]

1. e4 c5 2. Nf3 d6 3. d4 cxd4 4. Nxd4 Nf6 5. Nc3 a6 6. g3 e6 7. Bg2 Qc7 8. h3 Be7 9. Be3 Nc6 10. Nb3 Rb8 11. 0-0 0-0 12. f4 Rd8 13. a4 b6 14. Qe2 Na5 15. Nxa5 bxa5 16. Nd1 d5 17. e5 Ne4 18. Kh2 d4 19. Bxe4 dxe3 20. Qxe3 Bc5 21. Qe2 Rb4 22. Nf2 Bxf2 23. Rxf2 Rbd4 24. Ra3 Bb7 25. Rc3 Qd7 26. Bxb7 Qxb7 27. b3 Rd1 28. Qf3 Qxf3 29. Rcxf3 Rc8 30. Re2 Rc5 31. Kg2 h5 32. h4 Kh7 33. Rf1 Rd4 34. Rff2 Rcd5 35. Kf3 Kg6 36. Ke3 Kf5 37. Rd2 Re4+ 38. Kf3 f6 39. Rxd5 exd5 40. exf6 gxf6 41. Rd2 Ke6 42. c4 Re1 43. Rxd5 Rb1 44. Rd3 1-0

[Event "Tres Cantos op 10th"]
[Site "Tres Cantos"]
[Date "2018.06.23"]
[Round "3.26"]
[White "Pajuelo Morales, Francisco Javier"]
[Black "Martinez Miura, Enrique"]
[Result "1-0"]
[WhiteElo "1909"]
[BlackElo "1635"]
[PlyCount "93"]
[EventDate "2018.06.21"]
[EventType "swiss"]
[EventRounds "9"]
[EventCountry "ESP"]
[SourceTitle "EXT 2024"]
[Source "ChessBase"]
[SourceDate "2023.10.10"]
[SourceVersion "1"]
[SourceVersionDate "2023.10.10"]
[SourceQuality "1"]

1. e4 e6 2. d4 d5 3. Nd2 dxe4 4. Nxe4 Nd7 5. Nf3 Be7 6. Bd3 Ngf6 7. Nxf6+ Nxf6 8. 0-0 0-0 9. Ne5 c5 10. dxc5 Bxc5 11. Qe2 Qb6 12. c3 h6 13. Bf4 Kh8 14. Rad1 Bd7 15. Ng4 Nxg4 16. Qxg4 f5 17. Qe2 Be8 18. Qe5 Rf6 19. b4 Bf8 20. Be3 Qd6 21. Bd4 Qxe5 22. Bxe5 Rg6 23. Bc4 Bc6 24. g3 b5 25. Bb3 Be7 26. Rfe1 Kg8 27. Rd4 Rd8 28. Rxd8+ Bxd8 29. Bb8 Kf7 30. Bxa7 f4 31. c4 fxg3 32. hxg3 bxc4 33. Bxc4 h5 34. b5 Ba8 35. Rd1 Ke8 36. Rd6 Bc7 37. Rxe6+ Rxe6 38. Bxe6 Ke7 39. Bc4 Bb7 40. Bd4 g6 41. Bc3 Be4 42. a4 Kd6 43. Bb4+ Ke5 44. a5 Kd4 45. Bf1 Bb8 46. b6 Bb7 47. a6 1-0